Imágenes de Jesús. Condicionamientos sociales, culturales, religiosos y de género

Guardat en:
Dades bibliogràfiques
Autor principal: Tamayo-Acosta, Juan-José (Autor)
Format: Llibre
Idioma:espanyol
Publicat: Madrid Trotta 1996
Col·lecció:Hacia la Comunidad, 4. Colección Estructuras y Procesos. Serie Religión
Matèries:
Etiquetes: Afegir etiqueta
Sense etiquetes, Sigues el primer a etiquetar aquest registre!

MARC

LEADER 00000nam a2200000 a 4500
001 UCM6033
003 CL-VaPUC
008 021025e19960000SP |||||||||||||||||spa|d
082 0 4 |a 232  |b TAM  |2 21 
100 0 |a Tamayo-Acosta, Juan-José  |e author  |9 472029 
245 1 0 |a Imágenes de Jesús. Condicionamientos sociales, culturales, religiosos y de género 
300 |a 158 p 
942 |c BK 
945 |d 20021025 00:00:00  |a cmena 
260 |a Madrid  |b Trotta  |c 1996 
600 0 |a Jesús  |9 313614 
650 0 |a Filosofía de la religión   |9 256017 
650 0 |a Cristología   |9 315091 
650 0 |a Vida cristiana  |9 258753 
583 |a last modification  |c 20021025 00:00:00  |k Rodrigo Vera 
490 0 |a Hacia la Comunidad, 4. Colección Estructuras y Procesos. Serie Religión 
999 |c 301699  |d 301697 
952 |0 0  |1 0  |4 0  |6 232_000000000000000_TAM_1996  |7 0  |8 A  |9 361213  |a BIBTEO  |b BIBTEO  |d 2019-11-21  |i 3843718  |o 232 TAM 1996  |p 3843718  |r 2025-01-17  |w 2019-11-21  |y BK  |k ICR